MDQL
is popping MORE tags! Check the
thread
!
Quizzes
Events
Quiz Creation
Community
Videos
Private Events
Remove Ads
Sign In
Join for FREE
Feedback
Dark Mode
Quiz Categories
Sports
Geography
Music
Movies
Television
Just For Fun
Miscellaneous
History
Literature
Language
Science
Gaming
Entertainment
Religion
Holiday
For Kids
Quiz Lab
Recent
Popular Today
Quiz Kudos Today
Editor Picks
Curator Picks
Quizzes by...
Day
Popularity
Type
Ratings
Length
Year
Community
Subscriptions
Recent Discussions
Orange Saloon
Badges
Playlists
Quests
Create
Leaderboards
Showdown
Live 5
Trivia Bingo
Activity
Puzzle Library
Sporcle Events
Private Events
Virtual Trivia
Globe League
Become a Host
Pub Owners
SporcleCon
Opinionation
Our Games
Videos
Blog
Mobile Apps
Partnerships
Remove Ads and Go Orange
Feedback
Gaming
Video Games
Board Games
Card Games
Pokémon
Mario
Nintendo
Minecraft
Console
Toys
Legend of Zelda
Gaming
Video Games
Board Games
Card Games
Pokémon
Mario
Nintendo
Minecraft
Console
Toys
Legend of Zelda
Random Quiz
Search Sporcle
×
Quiz Lab
Quiz Lab
Gaming
Winner
Click on answers out of a set of options
Click on answers out of a set of options
Multiple Choice
Best Score? Go Orange.
Do You Like Quizzes? Stats
Want to know if you like quizzes?!
By
RBC_Games
20m
5 Questions
80 Plays
80 Plays
80 Plays
Comments
Comments
Give Quiz Kudos
Give Quiz Kudos
-
- Ratings
hide this ad
More Info
Random Order
Randomize order of answers
Randomize order of answers
Replay
Link that replays current quiz
Next Quiz
Link to next quiz in quiz playlist
You Got
0%
They Got
Avg Score
49%
Avg Friend Score
Upgrade to see
Score Distribution
Jump to the score distribution portion of the page
Score
0/5
Timer
20:00
0
Plays Today
Question
Answer
Wrong Answers
Do you plan to finish this quiz?
Yes.
70%
No.
5%
I'm not sure yet.
12.5%
What is a quiz?
11.3%
How many pickles am I holding?
Triangle
57.5%
3
23.8%
.5
11.3%
11
6.3%
Does answering questions satisfy you?
Yes.
56.3%
Only if I learn something.
6.3%
Only if I'm right.
31.3%
No.
6.3%
Mmmbop?
No.
33.8%
Da pa, doooooOooOoooOoooO...
17.5%
Da pa, do wop.
22.5%
Dibbie da bah, do wop.
26.3%
Do you like to have fun with strangers?
Is a beard a living entity that grows on your face and steals half of your food?!?!
31.3%
Yes.
28.8%
No.
31.3%
I don't even know what's happening anymore...
8.8%
Quiz Playlist
Details
Report
Send in Message
Add To Playlist
More Info:
Want to have some more fun? Come and play with me here: https://discord.gg/VDv2NEW
Multiple Choice:
Click on answers out of a set of options
Random Order:
Randomize order of answers
Quiz Source
Last Updated: Jun 29, 2017
Quiz Scoreboard
CHALLENGE
Sign Up to Join the Scoreboard
Show All
Scores
Hide
Comments
May contain spoilers
Recently Published
Street Fighter Characters
by Artimus82
Gaming
60s
9x9 Crossword: Cartoon Network
by jackfrog10
Miscellaneous
3m
College Basketball Coaching Resumes
by pancakes188
Sports
9m
More to Explore
Quiz From the Vault
Featured Blog Post
Where Did the Easter Bunny Come From?
hide this ad
You Might Also Like...
Tags
Bearded
Funny
pickle
Public Interest
Questionable
Triangle
Weird
Winner
Wonderful Life
Today's Top Quizzes in Gaming
Browse Gaming
hide this ad
Today's Top Quizzes in Winner
Browse Winner
Top Contributed Quizzes in Gaming
1
5-to-1: Consoles
2
7-to-1: Board Game Piece Blitz
3
5-to-1: Legend of Zelda
4
League of Legends Pro Players by Career/Team History
5
Destiny 2 exotic weapons by perk icons
6
Ultimate Genshin Impact Logic Puzzle (up to 4.3)
7
Franchise by Action Figure
8
Who's on the WWE 2K24 Cover?
9
Genshin Impact Logic Puzzle Quiz
10
Order the Pokémon Regions
Explore More
Trending Topics
Disney
Kpop
Anime
Marvel
Crossword
NBA
Harry Potter
NFL
WWE
Song
Country
Pokémon
Soccer
The Office
Puzzle
hide this ad
More By:
RBC_Games
Quiz
Plays
Rating
Category
Featured
Created
Do You Like Quizzes?
80
1.67
Gaming
Jun 24, 2017
Go to Creator's Profile
Score Distribution
Quiz Creator Spotlight
RBC_Games
Follow
Send a Message
Quizzes Created
-
Created Quiz Play Count
-
More By This Creator
Popular Quizzes Today
1
Find the US States - No Outlines Minefield
2
Find the Countries of Europe - No Outlines Minefield
3
The Countries of the World
4
Find the US States
5
Risky Map Clicking: Biggest States A-Z
6
US States
7
Popular People in 1961
8
Movies - When Are They Set?
More Gaming Quizzes
Genshin Impact Characters by Any 2 Letters
Editor's Pick
Trending Quizzes
Risky Map Clicking: Least Populous States A-Z
Countries of the World: 200 Million BC
Billboard Blitz: Aretha Franklin
1-10 Letter G Words
Famous Russians: Author or Composer?
Recently Updated
Leaping Animals
pecheneg
Reality TV Shows (A-Z)
bhenderson79
Rickey Henderson's Hall of Fame Teammates
pecheneg
Champions League XIs: Arsenal
pecheneg
Quick Pick: Celebrities in WWE's Hall of Fame
aduchscher
A-Z Keypad Blitz II
pecheneg
Multiple Oscar Actors
pecheneg
Mystery Phrase Blitz: Oscar 'Best Actors'
pecheneg
F. Scott Fitzgerald Novels
LTH
Pick 3 Villains
ddd62291
Trending Topics
Marvel
NBA
Harry Potter
Disney
Crossword
Anime
Kpop
WWE
Country
Song
Soccer
Pokémon
The Office
Puzzle
NFL
Your Account Isn't Verified!
In order to create a playlist on Sporcle, you need to verify the email address you used during registration. Go to your
Sporcle Settings
to finish the process.
Report this User
Report this user for behavior that violates our
Community Guidelines
.
Details:
Send Report
Go to the Sporcle.com Mobile Site →
Comments